000 00889nam a2200265 i 4500
001 59985
003 ES-MaACL
005 20250827062606.0
007 t|
008 031031s1985 sp ||||1| spa d
020 _a84-309-1164-2
110 1 _aEspaña
_93622
240 1 0 _aLeyes, etc.
245 1 0 _aLegislación básica de derecho de la información /
_cedición dirigida y prólogo por Enrique Gómez-Reino y Carnota con la colaboración de Enrique García Llovet.
260 _aMadrid :
_bTecnos,
_c[1985]
300 _a563 p. ;
_c18 cm.
490 1 _aBiblioteca de textos legales
700 1 _aGómez-Reina y Carnota, Enrique.
_958127
700 1 _aGarcía Llovet, Enrique.
_954831
740 0 _aLeyes, etc.
830 0 _aBiblioteca de textos legales
_9177271
852 _aES-MaACL
_jL-8209
_bR.108953
852 _aES-MaACL
_jL-9023
_bR.110661
999 _c59985
_d59985